Fourier Analysis with Applications to Boundary Value problems (Record no. 495)

000 -LEADER
fixed length control field 00335 a2200109 4500
020 ## - INTERNATIONAL STANDARD BOOK NUMBER
International Standard Book Number 0070602190
082 ## - DEWEY DECIMAL CLASSIFICATION NUMBER
Classification number 515.2433 SPI
100 ## - MAIN ENTRY--PERSONAL NAME
Personal name Spiegel, Murray R.
245 ## - TITLE STATEMENT
Title Fourier Analysis with Applications to Boundary Value problems
Statement of responsibility, etc. Murray R. Spiegel
260 ## - PUBLICATION, DISTRIBUTION, ETC.
Place of publication, distribution, etc. New York :
Name of publisher, distributor, etc. McGraw Hill,
Date of publication, distribution, etc. 1974
300 ## - PHYSICAL DESCRIPTION
Extent 181p. :
Other physical details ill ., ;
Dimensions 28 cm
650 ## - SUBJECT ADDED ENTRY--TOPICAL TERM
Topical term or geographic name entry element Fourier analysis
Holdings
Withdrawn status Lost status Damaged status Not for loan Permanent Location Current Location Shelving location Date acquired Total Checkouts Full call number Barcode Date last seen Price effective from Koha item type
        School of Civil and Environmental Engineering (SCEE) School of Civil and Environmental Engineering (SCEE)       515.2433 SPI NIT-2774 01/05/2017 01/05/2017 Book
© 2023 Central Library, National University of Sciences and Technology. All Rights Reserved.